Ballon D'Or 2025 (prediction) - Statistiques

Statistiques générales
  • Ce quiz a été pris 630 fois
  • Le résultat moyen est 7 sur 10
Statistiques - réponses
Hint Réponse % Correct
1) Most UCL goal 2025 (equality with another) Dembélé
98%
3) Best Football player in the world Yamal
96%
6) One of the best midfielders in the world and he win everything Vitinha
82%
5) He will become the best full-back in history Hakimi
78%
2) Best player in his championship Raphinha
78%
7) The best midfielders in the world Pedri
75%
9) He win all competition (national to) Nuno Mendes
60%
4) One of the most important player for his team in UCL Donnarumma
50%
8) Most UCL goal 2025 (equality with another) Lautaro
38%
10) Last year in this TOP 10 Lewandowski
34%
Aucun quiz correspondant
Distribution des résultats
% des personnes avec chaque résultat
Percentile par nombre de réponses
Votre historique - résultats
Vous n’avez pas pris ce quiz